| 000 | 00000nam##2200000za#4500 |
| 001 | 9.602993 |
| 003 | CaOODSP |
| 005 | 20210624210840 |
| 007 | cr ||||||||||| |
| 008 | 150406|2001||||xxc|||||o f|0| 0 fre|d |
| 040 | |aCaOODSP|bfre |
| 043 | |an-cn--- |
| 086 | 1 |aH113-3/2001-2F-PDF |
| 110 | 1 |aCanada.|bSanté Canada. |bAgence de réglementation de la lutte antiparasitaire. |
| 245 | 10|aDirective sur l'homologation des agents antiparasitaires microbiens et de leurs produits |h[ressource électronique] |
| 260 | |aOttawa - Ontario : |bSanté Canada. |cLe 30 mars 2001. |
| 300 | |a115p.|bfigure, glossaire, carte, tableaux |
| 490 | 1 |aDirective d'homologation |vDIR2001-02 |
| 504 | |aBibliographie. |
| 590 | |a12-30-Supp|b2012-06-28 |
| 691 | 07|aPesticide|2gcpds |
| 691 | 07|aFongicide|2gcpds |
| 691 | 07|aInsecticide|2gcpds |
| 691 | 07|aProduit chimique|2gcpds |
| 775 | 08|tGuidelines for the registration of microbial pest control agents and products |w(CaOODSP)9.572656 |
| 776 | 0#|tDirective sur l'homologation des agents antiparasitaires microbiens et de leurs produits |w(CaOODSP)9.625669 |
| 830 | #0|aDirective d'homologation ;|vDIR2001-02|w(CaOODSP)9.500876 |
| 856 | 40|ahttp://publications.gc.ca|qPDF|s463 Ko|uhttps://publications.gc.ca/collections/Collection/H113-3-2001-2F.pdf|yDIR2001-02 |